Statistics for Birds by Picture #2

Click here to take the quiz!

General Stats

  • This quiz has been taken 63 times
    (2 since last reset)
  • The average score is 8 of 12

Answer Stats

Answer% Correct
Barn Owl
100%
Mallard Duck
100%
Mandarin Duck
100%
Snowy Owl
100%
Cassowary
50%
European Robin
50%
Ferruginous Hawk
50%
Golden Oriole
50%
Peregrine Falcon
50%
Purple Swamphen
50%
Secretary Bird
50%
Kokako
0%

Score Distribution

Percentile by Number Answered

Percent of People with Each Score

Your Score History

You have not taken this quiz since the last reset